Home Print Resources E-Books E-Journals IIMT Lecture Series Library Membership Form Book Recommendation Form Campus Tour Take AdmissionAbout Us Contact Us

PARKS TEXTBOOK OF PREVENTIVE & SOCIAL MEDICINE (Record no. 40412)

000 -LEADER
fixed length control field nam a22 7a 4500
003 - CONTROL NUMBER IDENTIFIER
control field OSt
005 - DATE AND TIME OF LATEST TRANSACTION
control field 20170828162253.0
008 - FIXED-LENGTH DATA ELEMENTS--GENERAL INFORMATION
fixed length control field 170828b xxu||||| |||| 00| 0 eng d
040 ## - CATALOGING SOURCE
Transcribing agency SEROSOFT
100 ## - MAIN ENTRY--PERSONAL NAME
Personal name PARK, K
245 ## - TITLE STATEMENT
Title PARKS TEXTBOOK OF PREVENTIVE & SOCIAL MEDICINE
300 ## - PHYSICAL DESCRIPTION
Extent 976
942 ## - ADDED ENTRY ELEMENTS (KOHA)
Source of classification or shelving scheme
Koha item type Text-Book- for 7 days
Holdings
Withdrawn status Lost status Source of classification or shelving scheme Damaged status Not for loan Home library Current library Date acquired Source of acquisition Cost, normal purchase price Total Checkouts Barcode Date last seen Date last checked out Price effective from Koha item type
          IIMT University College of Nursing (073) IIMT University College of Nursing (073) 08/28/2017 gifted 1200.00 7 03-B-3006 04/05/2022 08/27/2021 08/28/2017 Text-Book- for 7 days
          IIMT University College of Nursing (073) IIMT University College of Nursing (073) 08/28/2017 gifted 1200.00 4 03-B-3007 11/28/2023 11/06/2023 08/28/2017 Text-Book- for 7 days
IIMT, Central Library. All Rights Reserved IIMT,UNIVERSITY © 2023
Implemented and Customised by I CLOUDE EMS
You Are OPAC Visitor No
free web counter

Powered by Koha